Glycogen synthase kinase 3 (GSK-3) and its inhibitors : drug discovery and development
Many researchers believe that GSK-3 and its inhibitors could lead to effective treatments for neurogenerative disorders, type II diabetes, depression and bipolar disorder, and some forms of cancer. This book provides a thorough introduction to GSK-3, presents up-to-date information, and mentions the...
Saved in:
| Format: | Book |
|---|---|
| Language: | Undetermined |
| Published: |
Hoboken, N.J.
Wiley-Interscience
2006
|
| Subjects: | |
| Tags: |
Add Tag
No Tags, Be the first to tag this record!
|
| Institutions: | Trung tâm Học liệu Trường Đại học Cần Thơ |
|---|
| LEADER | 01181nam a2200217Ia 4500 | ||
|---|---|---|---|
| 001 | CTU_163743 | ||
| 008 | 210402s9999 xx 000 0 und d | ||
| 020 | |c 148 | ||
| 082 | |a 572.567 | ||
| 082 | |b G568 | ||
| 245 | 0 | |a Glycogen synthase kinase 3 (GSK-3) and its inhibitors : | |
| 245 | 0 | |b drug discovery and development | |
| 245 | 0 | |c edited by Ana Martinez, Ana Castro, Miguel Medina | |
| 260 | |a Hoboken, N.J. | ||
| 260 | |b Wiley-Interscience | ||
| 260 | |c 2006 | ||
| 520 | |a Many researchers believe that GSK-3 and its inhibitors could lead to effective treatments for neurogenerative disorders, type II diabetes, depression and bipolar disorder, and some forms of cancer. This book provides a thorough introduction to GSK-3, presents up-to-date information, and mentions the birth of several chemical families of GSK-3 inhibitors with varying selectivity. It’s a great reference for researchers in drug design and development | ||
| 650 | |a Glycogen synthase kinase-3,Glycogen synthase kinase-3,Hóa sinh học,Glycogen synthase kinase-3 | ||
| 650 | |x Inhibitors,Chất ức chế | ||
| 910 | |a Nguyên | ||
| 980 | |a Trung tâm Học liệu Trường Đại học Cần Thơ | ||